Eurovision 2025 - Indovina la Canzone (Click Map) - Statistics

Statistiche generali
  • Questo quiz è stato fatto 56 volte
  • Il punteggio medio è 13 su 37
Risposte nella Mappa
Le risposte nella mappa del quiz sottostante sono codificate secondo una scala di colori dal rosso al verde in base alla % di persone che hanno risposto correttamente.
 
Statistiche sulle risposte
Risposta % Corretto
Gabry Ponte - Tutta l'Italia
71%
Lucio Corsi - Volevo essere un duro
71%
Abor & Tynna - Baller
63%
JJ - Wasted Love
57%
Claude - C'est la vie
54%
Erika Vikman - Ich komme
51%
Go-Jo - Milkshake Man
51%
KAJ - Bara bada bastu
49%
Kyle Alessandro - Lighter
43%
Melody - Esa diva
43%
Tommy Cash - Espresso macchiato
43%
Klavdia - Asteromata
40%
Laura Thorn - La poupée monte le son
40%
Miriana Conte - Serving
40%
Napa - Deslocado
40%
Remember Monday - What the Hell Just Happened?
37%
Emmy - Laika Party
34%
Justyna - Steczkowska Gaja
34%
Katarsis - Tavo akys
34%
Louane - Maman
34%
Sissal - Hallucination
31%
Tautumeitas - Bur man laimi
31%
Væb - Róa
31%
Shkodra Elektronike - Zjerm
29%
Adonxs Kiss - Kiss Goodbye
26%
Yuval Raphael - New Day Will Rise
26%
Ziferblat - Bird of Pray
26%
Klemen - How Much Time Do We Have Left
23%
Marko Bošnjak - Poison Cake
23%
Princ - Mila
23%
Red Sebastian - Strobe Lights
23%
Nina Žižić - Dobrodošli
20%
Parg - Survivor
20%
Zoë Më - Voyage
20%
Mamagama - Run with U
17%
Mariam Shengelia - Freedom
17%
Theo - Evan Shh
11%
Nessun quiz corrispondente trovato
Distribuzione punteggi
Percentuale di utenti per punteggio
Percentile per numero di risposta
I tuoi punteggi nel tempo
Non hai fatto questo quiz